Capitals of 1-st level subdivisions in Finland from north to south - Statistics

General Stats
  • This quiz has been taken 18 times
  • The average score is 12 of 20
Answer Stats
Latitude (DD) Answer % Correct
1 66.50 Rovaniemi
100%
2 65.01 Oulu
78%
3 64.22 Kajaani
67%
4 63.84 Kokkola
67%
14 61.00 Hämeenlinna
56%
19 60.17 Helsinki
56%
9 62.24 Jyväskylä
56%
17 60.46 Kotka
56%
6 62.89 Kuopio
56%
15 60.98 Lahti
56%
13 61.06 Lappeenranta
56%
20 60.10 Mariehamn/Maarianhamina
56%
12 61.49 Pori
56%
7 62.79 Seinajöki
56%
11 61.50 Tampere
56%
18 60.45 Turku
56%
5 63.10 Vaasa
56%
8 62.60 Joensuu
44%
16 60.87 Kouvola
44%
10 61.69 Mikkeli
44%
No matching quizzes found
Score Distribution
Percent of People with Each Score
Percentile by Number Answered
Your Score History
You have not taken this quiz